| 000 | 00694nam a2200253Ia 4500 | ||
|---|---|---|---|
| 005 | 20260429112010.0 | ||
| 008 | 260429s9999||||xx |||||||||||||| ||und|| | ||
| 020 | _a9781032563442 | ||
| 041 | _aEnglish | ||
| 082 |
_a005.8 _bAZR |
||
| 100 | _aAzrour, Mourade | ||
| 245 | 0 |
_aBlockchain and machine learning for IoT security / _cMourade Azrour |
|
| 250 | _a1st ed. | ||
| 260 |
_aFlorida : _bChapman and Hall/CRC, _c2024. |
||
| 300 | _axi, 151 p.; pbk | ||
| 650 | _a Cybersecurity | ||
| 650 | _a Internet of things | ||
| 650 | _a Machine learning | ||
| 650 | _aBlockchain | ||
| 700 | _a Benkirane, Said | ||
| 700 | _a Guezzaz, Azidine | ||
| 700 | _a Mabrouki, Jamal | ||
| 942 | _cTB | ||
| 999 |
_c51819 _d51819 |
||